Gümrük birliği çerçevesinde Avrupa Birliği ve Türkiye'de otomotiv sektörü / (Record no. 75266)
[ view plain ]
| 000 -LEADER | |
|---|---|
| fixed length control field | 01048 a2200325 4500 |
| 001 - CONTROL NUMBER | |
| control field | 75266 |
| 003 - CONTROL NUMBER IDENTIFIER | |
| control field | TR-AnTOB |
| 005 - DATE AND TIME OF LATEST TRANSACTION | |
| control field | 20230814145623.0 |
| 008 - FIXED-LENGTH DATA ELEMENTS--GENERAL INFORMATION | |
| fixed length control field | 130703s1999 tu 000 0 |
| 040 ## - CATALOGING SOURCE | |
| Original cataloging agency | TR-AnTOB |
| Language of cataloging | eng |
| Transcribing agency | TR-AnTOB |
| Description conventions | rda |
| 041 ## - LANGUAGE CODE | |
| Language code of text/sound track or separate title | Türkçe |
| 050 #0 - LIBRARY OF CONGRESS CALL NUMBER | |
| Classification number | HD9710 |
| Item number | .G86 1999 |
| 090 ## - LOCALLY ASSIGNED LC-TYPE CALL NUMBER (OCLC); LOCAL CALL NUMBER (RLIN) | |
| Classification number (OCLC) (R) ; Classification number, CALL (RLIN) (NR) | HD9710 |
| Local cutter number (OCLC) ; Book number/undivided call number, CALL (RLIN) | .G86 1999 |
| 245 #0 - TITLE STATEMENT | |
| Title | Gümrük birliği çerçevesinde Avrupa Birliği ve Türkiye'de otomotiv sektörü / |
| Statement of responsibility, etc. | hazırlayan: Leyla Tunç Yeltin. |
| 264 ## - PRODUCTION, PUBLICATION, DISTRIBUTION, MANUFACTURE, AND COPYRIGHT NOTICE | |
| Place of production, publication, distribution, manufacture | İstanbul : |
| Name of producer, publisher, distributor, manufacturer | İktisadi Kalkınma Vakfı, |
| Date of production, publication, distribution, manufacture, or copyright notice | 1999. |
| 300 ## - PHYSICAL DESCRIPTION | |
| Extent | 90 sayfa : |
| Other physical details | tablo ; |
| Dimensions | 27 cm. |
| 336 ## - CONTENT TYPE | |
| Source | rdacontent |
| Content type term | text |
| Content type code | txt |
| 337 ## - MEDIA TYPE | |
| Source | rdamedia |
| Media type term | unmediated |
| Media type code | n |
| 338 ## - CARRIER TYPE | |
| Source | rdacarrier |
| Carrier type term | volume |
| Carrier type code | nc |
| 490 0# - SERIES STATEMENT | |
| Series statement | İktisadi Kalkınma Vakfı ; |
| Volume/sequential designation | 154 |
| 504 ## - BIBLIOGRAPHY, ETC. NOTE | |
| Bibliography, etc. note | |
| 650 #0 - SUBJECT ADDED ENTRY--TOPICAL TERM | |
| Topical term or geographic name entry element | Automobile industry and trade |
| Geographic subdivision | Turkey |
| 9 (RLIN) | 55881 |
| Topical term or geographic name entry element | Automobile industry and trade |
| Geographic subdivision | Europe |
| 9 (RLIN) | 55882 |
| 700 ## - ADDED ENTRY--PERSONAL NAME | |
| Personal name | Yeltin, Leyla Tunç |
| 9 (RLIN) | 55880 |
| 902 ## - LOCAL DATA ELEMENT B, LDB (RLIN) | |
| a | 0029868 |
| 903 ## - LOCAL DATA ELEMENT C, LDC (RLIN) | |
| a | Merkez Kütüphane |
| 942 ## - ADDED ENTRY ELEMENTS (KOHA) | |
| Koha item type | Book |
| Source of classification or shelving scheme | Library of Congress Classification |
| 945 ## - LOCAL PROCESSING INFORMATION (OCLC) | |
| a | ZŞ, BS |
| Withdrawn status | Lost status | Materials specified (bound volume or other part) | Damaged status | Not for loan | Collection code | Home library | Current library | Shelving location | Date acquired | Source of acquisition | Serial Enumeration / chronology | Total Checkouts | Total Holds | Full call number | Barcode | Copy number | Date shelved | Koha item type |
|---|---|---|---|---|---|---|---|---|---|---|---|---|---|---|---|---|---|---|
| C.1 | Yeni / New | Ödünç Verilebilir / Available | Genel Koleksiyon | Merkez Kütüphane | Merkez Kütüphane | Genel Koleksiyon / Main Collection | 10/12/2009 | Bağış / Donation | 1 | HF1713 .G86 1999 | 0029868 | 1 | 21/04/2010 | Book |
